[Event "Fagernes TV2 Elo op"]
[Site "Fagernes"]
[Date "2017.04.13"]
[Round "6"]
[White "Olsen, Alf Marius Foss"]
[Black "Lundberg, Alf W"]
[Result "1/2-1/2"]
[WhiteElo "1712"]
[BlackElo "2011"]
[PlyCount "162"]
[EventDate "2017.04.09"]
[EventType "swiss"]
[EventRounds "9"]
[EventCountry "NOR"]
[SourceTitle "CBM 177 Extra"]
[Source "ChessBase"]
[SourceDate "2017.04.27"]
[SourceVersion "1"]
[SourceVersionDate "2017.04.27"]
[SourceQuality "1"]

1. d4 f5 2. Bf4 d6 3. e3 Nf6 4. Nf3 e6 5. Bc4 Nc6 6. c3 Ne7 7. h3 Ng6 8. Bh2 Ne4 9. Nbd2 Be7 10. Qe2 c6 11. a4 Bd7 12. Bd3 Nxd2 13. Qxd2 Qc7 14. e4 0-0 15. 0-0 e5 16. dxe5 dxe5 17. exf5 Bxf5 18. Bxf5 Rxf5 19. Qe3 Raf8 20. Rae1 Bd6 21. Ng5 Nf4 22. Ne4 Kh8 23. Rd1 Be7 24. Rfe1 b6 25. b4 Bg5 26. Nxg5 Rxg5 27. Bxf4 exf4 28. Qf3 c5 29. Re2 Qf7 30. Rde1 Qb3 31. Re8 Rgf5 32. bxc5 bxc5 33. Qd3 Qg8 34. R8e7 f3 35. g4 R5f7 36. Qd7 Rd8 37. Qxa7 Rxe7 38. Qxe7 c4 39. Re3 Qd5 40. Qe8+ Qg8 41. Qxg8+ Kxg8 42. Rxf3 Ra8 43. Rf4 Rxa4 44. h4 h6 45. Kg2 Kh7 46. Kf3 g5 47. hxg5 hxg5 48. Rf7+ Kg6 49. Rc7 Kf6 50. Ke4 Ra2 51. f3 Re2+ 52. Kd4 Rd2+ 53. Kxc4 Rf2 54. Rc8 Ke7 55. Rc5 Rxf3 56. Rxg5 Ke6 57. Kd4 Kd6 58. Rg6+ Ke7 59. c4 Kf7 60. Rg5 Ke6 61. Kc5 Rg3 62. Kc6 Kf6 63. Rf5+ Ke6 64. Rg5 Kf6 65. Rd5 Rxg4 66. c5 Rc4 67. Rd1 Ke7 68. Kb6 Rb4+ 69. Kc7 Rc4 70. c6 Ke6 71. Kb7 Rb4+ 72. Kc8 Rc4 73. c7 Rh4 74. Kb8 Rb4+ 75. Kc8 Rh4 76. Rd8 Rb4 77. Re8+ Kf7 78. Re1 Rb3 79. Kd7 Rd3+ 80. Kc8 Rb3 81. Rd1 Ke7 1/2-1/2

[Event "Fagernes TV2 Elo op"]
[Site "Fagernes"]
[Date "2017.04.09"]
[Round "1"]
[White "Lundberg, Alf W"]
[Black "Tenold, Andreas"]
[Result "1-0"]
[WhiteElo "2011"]
[BlackElo "1687"]
[PlyCount "55"]
[EventDate "2017.04.09"]
[EventType "swiss"]
[EventRounds "9"]
[EventCountry "NOR"]
[SourceTitle "CBM 177 Extra"]
[Source "ChessBase"]
[SourceDate "2017.04.27"]
[SourceVersion "1"]
[SourceVersionDate "2017.04.27"]
[SourceQuality "1"]

1. e4 c5 2. Qf3 Nc6 3. Qg3 d6 4. Na3 g6 5. h4 h5 6. Be2 Bg7 7. Nh3 Nf6 8. Ng5 Nd4 9. Bd1 Bd7 10. c3 Ne6 11. d3 Nxg5 12. hxg5 Ng4 13. f3 Ne5 14. Be2 Qb6 15. f4 Ng4 16. Nc4 Qc7 17. Bxg4 Bxg4 18. Ne3 Bd7 19. f5 Bc6 20. 0-0 0-0-0 21. Qh3 Kb8 22. Bd2 d5 23. f6 exf6 24. exd5 Bd7 25. Qf3 f5 26. Nc4 Ka8 27. Bf4 Qc8 28. Nd6 1-0

[Event "Fagernes Norsk op-B"]
[Site "Fagernes"]
[Date "2015.03.29"]
[Round "2"]
[White "Lundberg, Alf W"]
[Black "Johnsen, Kjell Magne"]
[Result "0-1"]
[WhiteElo "1925"]
[BlackElo "2099"]
[PlyCount "102"]
[EventDate "2015.03.29"]
[EventType "swiss"]
[EventRounds "9"]
[EventCountry "NOR"]
[SourceTitle "EXT 2016"]
[Source "ChessBase"]
[SourceDate "2015.10.08"]
[SourceVersion "1"]
[SourceVersionDate "2015.10.08"]
[SourceQuality "1"]

1. e4 e6 2. Nf3 d5 3. e5 c5 4. b4 b6 5. a3 Qc7 6. c3 Nc6 7. d4 Nge7 8. Bd3 Bd7 9. 0-0 c4 10. Bc2 f5 11. a4 h6 12. h4 g6 13. Na3 a6 14. b5 Nd8 15. bxa6 Rxa6 16. Bf4 Nb7 17. Nh2 Bc6 18. g4 Nc8 19. Bg3 Qf7 20. h5 Ne7 21. gxf5 gxf5 22. Bh4 Nc8 23. Kh1 Rg8 24. Nb1 Be7 25. Bg3 Rg5 26. Bf4 Rxh5 27. Rg1 Bg5 28. Qf3 Bxf4 29. Qxf4 Ne7 30. Bd1 Rg5 31. Rxg5 hxg5 32. Qxg5 Kd7 33. Nd2 Ra8 34. Bf3 Rxa4 35. Rxa4 Bxa4 36. Nxc4 dxc4 37. Bxb7 Bc6+ 38. Bxc6+ Kxc6 39. Nf3 Nd5 40. Qh6 Nxc3 41. Ng5 Qd7 42. Nxe6 Kb5 43. Qf6 Qd5+ 44. Kh2 Qf3 45. Nc7+ Ka5 46. Qh4 Ne2 47. e6 Nf4 48. Qg3 Qh5+ 49. Kg1 Ne2+ 50. Kg2 Nxg3 51. fxg3 c3 0-1

[Event "Fagernes Norsk op-B"]
[Site "Fagernes"]
[Date "2015.03.29"]
[Round "9"]
[White "Lundberg, Alf W"]
[Black "Machlik, Endre"]
[Result "1-0"]
[WhiteElo "1925"]
[BlackElo "2036"]
[PlyCount "69"]
[EventDate "2015.03.29"]
[EventType "swiss"]
[EventRounds "9"]
[EventCountry "NOR"]
[SourceTitle "EXT 2016"]
[Source "ChessBase"]
[SourceDate "2015.10.08"]
[SourceVersion "1"]
[SourceVersionDate "2015.10.08"]
[SourceQuality "1"]

1. e4 c6 2. d4 d5 3. exd5 cxd5 4. c3 Nf6 5. Bd3 Nc6 6. Bf4 Bg4 7. Qb3 Qc8 8. Nd2 e6 9. Ngf3 Be7 10. Ne5 Nxe5 11. Bxe5 a6 12. 0-0 Bh5 13. Rae1 0-0 14. Re3 Bg6 15. Qc2 Nd7 16. Rh3 b5 17. Nf3 b4 18. Qd2 bxc3 19. bxc3 Bf6 20. Re1 Qd8 21. g4 Bxd3 22. Qxd3 g6 23. Qe3 Bxe5 24. dxe5 Qe7 25. Ng5 Qc5 26. Qg3 Qe7 27. Nxh7 Rfc8 28. Qe3 Rc4 29. Qh6 Rxg4+ 30. Kh1 f5 31. Nf6+ Nxf6 32. exf6 Qxf6 33. Qh7+ Kf8 34. Qh8+ Qxh8 35. Rxh8+ 1-0